000 01571naa a22003137a 4500
001 BR8707793
003 BR-BrBNA
005 20250721154536.0
007 ta
008 250630b bl.|||m| |||| 00| 0 por d
040 _aBR-BrBNA
_bpor
_cBiblioteca Nacional de Agricultura
041 _a(Pt)
072 _aL01
_b5213
_b5214
_b9410
090 _aL01 BR8707793
100 1 _aLeal, J.A.
100 1 _aLeal, T.M.
111 1 _a4. Seminario de Pesquisa Agropecuaria do Piaui
_cTeresina, PI (Brazil)
_d1986
245 1 _aSistema de producao de leite com bovinos da raca gir
246 1 _a[Milk production system with dairy cattle]
246 1 _a[Annals of the 4th Seminary on Agricultural and Zootechnic research of Piaui: Piaui and Agricultural development, generation of tecnology, irrigation policy and alternative agriculture]
500 _aAnais do 4. Seminario de Pesquisa Agropecuaria do Piaui: Piaui e desenvolvimento agricola, geracao de tecnologia, politica de irrigacao e agricultura alternativa Teresina, PI (Brasil): 1986. p. 523-532 [Summary (Pt)] (BR8707793-AMS)
773 0 _tAnais do 4. Seminario de Pesquisa Agropecuaria do Piaui: Piaui e desenvolvimento agricola, geracao de tecnologia, politica de irrigacao e agricultura alternativa
_wL01 BR8707793
_gTeresina, PI (Brasil), 1986. p. 523-532
650 _aGADO GIR
650 _aPRODUCAO LEITEIRA
650 _aLEITE
490 _aDocumentos - Unidade de Execucao de Pesquisa de Ambito Estadual de Teresina (Brazil)
_vno. 6
942 _cAMS
_2AGRIS
909 _a202506
_bLúcia
_c55
_dLúcia Elande
999 _c335517
_d335517